000 00269nam a2200097Ia 4500
008 220204s9999 xx 000 0 und d
082 _a5(031)
_bLEX
245 4 _aThe Lexicon encyclopedia of science. 5 V
260 _aCzechoslovakia
_bLexicon publishers
_c1982
942 _cBK
999 _c38508
_d38508